000 00284nam a22001337a 4500
008 181107b xxu||||| |||| 00| 0 eng d
020 _a9781413030525
041 _aeng
080 _a371
100 _a46
101 _aEDU
245 _aGet Connected
_cDillon, A.G
942 _2udc
_cBK
999 _c52173
_d52173